00591cam a22002411 4500001001300000003000400013005001700017008004100034010001700075025001900092035002000111040002100131042001200152050002000164100001700184245002200201260001100223300003100234500001600265504003000281650002100311999001700332sa 65002420 DLC20260227112116.0940930s1963 ii a b 000 0 beno  asa 65002420  aPL480:I-B-1593 a(OCoLC)31205791 aDLCcCUdCUdDLC apremarc00aHQ56b.R34 19631 aRana, Madan.10aYauna prasaǹ‡ge. c[1963] a16, 463 p.billus.c23 cm. aIn Bengali. aBibliography: p. 427-430. 0aSex instruction. c62619d62619